[Event "21. Copenhagen Open  (Politiken Cup)"]
[Site "Copenhagen"]
[Date "1999.07.10"]
[Round "7"]
[White "Brinck Claussen, Bjorn"]
[Black "Skare, Karl Andre"]
[Result "1-0"]
[WhiteElo "2354"]
[BlackElo "2164"]
[PlyCount "81"]
[EventDate "1999.07.03"]
[EventType "swiss"]
[EventRounds "11"]
[EventCountry "DEN"]
[SourceDate "2004.01.01"]

1. e4 c6 2. d4 d5 3. exd5 cxd5 4. c4 Nf6 5. Nc3 e6 6. Nf3 Bb4 7. cxd5 Nxd5 8.
Bd2 O-O 9. Bd3 Nf6 10. O-O Nc6 11. Bg5 h6 12. Bh4 b6 13. Re1 Bb7 14. Bb1 Be7
15. a3 g6 16. Qd3 Qd7 17. Ba2 Kg7 18. Rad1 Rad8 19. Qb1 Nd5 20. Nxd5 Bxh4 21.
Nf4 Bf6 22. Bxe6 Qc7 23. Nd5 Qd6 24. Nxf6 Kxf6 25. Ba2 Kg7 26. d5 Ne7 27. Re5
Rd7 28. Bb3 Rfd8 29. Qe4 Qc5 30. h4 Bxd5 31. Bxd5 Rxd5 32. Rexd5 Rxd5 33. Rxd5
Nxd5 34. Qe5+ Kg8 35. g3 a5 36. h5 Nc7 37. hxg6 fxg6 38. Qf4 Kg7 39. Nd4 Kg8
40. Qf6 g5 41. Nf5 1-0

[Event "21. Copenhagen Open  (Politiken Cup)"]
[Site "Copenhagen"]
[Date "1999.07.10"]
[Round "7"]
[White "Byrn, Carsten"]
[Black "Sinkbaek, Aage"]
[Result "0-1"]
[WhiteElo "2055"]
[BlackElo "2232"]
[PlyCount "74"]
[EventDate "1999.07.03"]
[EventType "swiss"]
[EventRounds "11"]
[EventCountry "DEN"]
[SourceDate "2004.01.01"]

1. d4 Nf6 2. c4 g6 3. Nc3 Bg7 4. e4 d6 5. Nf3 O-O 6. Be2 e5 7. O-O Nbd7 8. Be3
c6 9. d5 c5 10. Ne1 a6 11. a4 Ne8 12. Nd3 f5 13. f4 Qe7 14. exf5 gxf5 15. Qd2
e4 16. Nf2 Ndf6 17. Kh1 Kh8 18. Rg1 Bd7 19. g4 fxg4 20. Nxg4 Bf5 21. Nf2 Bh6
22. a5 Ng7 23. Bf1 Rg8 24. Ne2 Ngh5 25. Bh3 Bxh3 26. Nxh3 Ng4 27. Ng5 Nxe3 28.
Qxe3 Nxf4 29. Ne6 Nd3 30. N2f4 Qh4 31. Raf1 Rxg1+ 32. Kxg1 Rg8+ 33. Kh1 Qg4 34.
Qg3 Bxf4 35. Nxf4 Nxf4 36. Qc3+ Rg7 37. Qd2 e3 0-1

[Event "21. Copenhagen Open  (Politiken Cup)"]
[Site "Copenhagen"]
[Date "1999.07.10"]
[Round "7"]
[White "Christensen, Stefan"]
[Black "Larsen, Karsten"]
[Result "0-1"]
[WhiteElo "2196"]
[BlackElo "2281"]
[PlyCount "84"]
[EventDate "1999.07.03"]
[EventType "swiss"]
[EventRounds "11"]
[EventCountry "DEN"]
[SourceDate "2004.01.01"]

1. e4 e5 2. Nf3 Nc6 3. Bb5 a6 4. Ba4 Nf6 5. d4 exd4 6. O-O Be7 7. e5 Ne4 8.
Nxd4 Nxd4 9. Qxd4 Nc5 10. Nc3 Nxa4 11. Qxa4 O-O 12. Bf4 Kh8 13. Nd5 b5 14. Qd4
Bb7 15. Rad1 c5 16. Qe3 Bc6 17. Rfe1 Rc8 18. Qg3 Re8 19. Qg4 Qa5 20. Nxe7 Rxe7
21. Bg5 Re6 22. f4 Rce8 23. Qf5 Kg8 24. Re3 Qb4 25. a3 Qxb2 26. Rg3 Rg6 27. h4
h5 28. Rb3 Qa2 29. Rc1 c4 30. Rbb1 Qxa3 31. c3 Qc5+ 32. Kh2 Qe3 33. Re1 Qxc3
34. Rbd1 d5 35. Qb1 Rge6 36. f5 Rxe5 37. Bd2 Qd4 38. Rf1 Qe4 39. Qa2 d4 40. Bg5
Qe2 41. Rd2 Qxf1 42. Rf2 Qe1 0-1

[Event "21. Copenhagen Open  (Politiken Cup)"]
[Site "Copenhagen"]
[Date "1999.07.10"]
[Round "7"]
[White "Clausen, Mikkel"]
[Black "Nilsson, Nils Specht"]
[Result "0-1"]
[WhiteElo "1787"]
[BlackElo "2194"]
[PlyCount "144"]
[EventDate "1999.07.03"]
[EventType "swiss"]
[EventRounds "11"]
[EventCountry "DEN"]
[SourceDate "2004.01.01"]

1. e4 c6 2. d4 d5 3. Nd2 g6 4. e5 c5 5. c3 cxd4 6. cxd4 Nc6 7. Nb3 Nh6 8. Ne2
Bf5 9. Ng3 e6 10. Bd2 Qh4 11. Bb5 Rc8 12. Qc1 f6 13. Na5 Qxd4 14. Bxc6+ bxc6
15. Bxh6 Qxe5+ 16. Kf1 Bxh6 17. Qxh6 Qxb2 18. Nb3 Bd3+ 19. Kg1 Kf7 20. Qe3 Bc4
21. Qxa7+ Kf8 22. Qd4 Qxd4 23. Nxd4 e5 24. Nb3 Ra8 25. Nc1 Ke7 26. Nf1 Bxf1 27.
Kxf1 Rhb8 28. g3 c5 29. Kg2 c4 30. Rd1 Ke6 31. a4 Rb2 32. Kf1 Ra5 33. Ne2 Rb4
34. Nc3 d4 35. Rdb1 Rxb1+ 36. Nxb1 Kd5 37. Ke2 f5 38. Kd2 Ke4 39. Kc2 Kd5 40.
Nd2 e4 41. h4 h6 42. Ra3 g5 43. hxg5 hxg5 44. Ra1 g4 45. Ra3 Kc5 46. Ra1 e3 47.
fxe3 dxe3 48. Nf1 e2 49. Ne3 Kd4 50. Kd2 Re5 51. Nc2+ Kc5 52. a5 e1=Q+ 53. Nxe1
Kb4 54. a6 c3+ 55. Kd3 Rd5+ 56. Ke2 Rd8 57. a7 Ra8 58. Ke3 Kb3 59. Kf4 c2 60.
Nd3 Kc3 61. Nc1 Kb2 62. Ra2+ Kxc1 63. Kxf5 Kb1 64. Rxc2 Kxc2 65. Kxg4 Kd3 66.
Kf5 Kd4 67. g4 Kd5 68. Kf6 Rxa7 69. g5 Ra6+ 70. Kf7 Ke5 71. g6 Ra7+ 72. Kg8 Kf6
0-1

[Event "21. Copenhagen Open  (Politiken Cup)"]
[Site "Copenhagen"]
[Date "1999.07.10"]
[Round "7"]
[White "Dalso, Harry"]
[Black "Rasmussen, Poul"]
[Result "1/2-1/2"]
[WhiteElo "1731"]
[BlackElo "1581"]
[PlyCount "59"]
[EventDate "1999.07.03"]
[EventType "swiss"]
[EventRounds "11"]
[EventCountry "DEN"]
[SourceDate "2004.01.01"]

1. e4 e6 2. d4 d5 3. Nd2 dxe4 4. Nxe4 Bd7 5. Bd3 Nf6 6. Bg5 Be7 7. Nf3 Bc6 8.
Qe2 Bxe4 9. Bxe4 c6 10. Bd3 Nbd7 11. c3 h6 12. Bh4 a5 13. Bg3 Nh5 14. Nd2 Nxg3
15. hxg3 Qc7 16. Qg4 Bf8 17. Nc4 O-O-O 18. b4 Nf6 19. Qe2 Bd6 20. Rb1 Kb8 21.
b5 Nd5 22. Qc2 c5 23. Nxd6 Rxd6 24. Rh4 g5 25. Re4 cxd4 26. Rxd4 Nb6 27. Rxd6
Qxd6 28. c4 Rc8 29. Rc1 Qe5+ 30. Kf1 1/2-1/2

[Event "21. Copenhagen Open  (Politiken Cup)"]
[Site "Copenhagen"]
[Date "1999.07.10"]
[Round "7"]
[White "El Kher, Henrik"]
[Black "Jonkman, Harmen"]
[Result "1-0"]
[WhiteElo "2332"]
[BlackElo "2421"]
[PlyCount "79"]
[EventDate "1999.07.03"]
[EventType "swiss"]
[EventRounds "11"]
[EventCountry "DEN"]
[SourceDate "2004.01.01"]

1. e4 e5 2. Nf3 Nc6 3. Nc3 Nf6 4. Bb5 Nd4 5. Ba4 Bc5 6. Nxe5 O-O 7. Nd3 Bb6 8.
e5 Ne8 9. Nd5 Qg5 10. O-O d6 11. Nxb6 axb6 12. Bxe8 Rxe8 13. c3 Nf5 14. f4 Qg6
15. Qf3 Be6 16. Ne1 c6 17. a3 Bd5 18. Qf2 c5 19. d3 f6 20. Nf3 Rad8 21. exf6
gxf6 22. Bd2 Kh8 23. c4 Bc6 24. Bc3 Re3 25. Ng5 Rxd3 26. Rae1 Rxc3 27. bxc3
fxg5 28. fxg5 Qxg5 29. Re2 Nh4 30. Qg3 Qxg3 31. hxg3 Ng6 32. Rd1 Ra8 33. Ra2
Ne5 34. Rxd6 Nxc4 35. Re6 Rxa3 36. Rf2 Kg8 37. Re7 Nd6 38. Rd2 Ne8 39. Rf2 Nd6
40. Re6 {time} 1-0

[Event "21. Copenhagen Open  (Politiken Cup)"]
[Site "Copenhagen"]
[Date "1999.07.10"]
[Round "7"]
[White "Fant, Goran"]
[Black "Berg, Olaf"]
[Result "0-1"]
[WhiteElo "2066"]
[BlackElo "1530"]
[PlyCount "92"]
[EventDate "1999.07.03"]
[EventType "swiss"]
[EventRounds "11"]
[EventCountry "DEN"]
[SourceDate "2004.01.01"]

1. d4 d5 2. e3 e6 3. Bd3 c5 4. c3 Nf6 5. f4 Nbd7 6. Nf3 Bd6 7. O-O Qc7 8. Bd2
b6 9. Qe2 c4 10. Bc2 Bb7 11. Be1 O-O-O 12. Bh4 Rdg8 13. a4 h6 14. Ne5 Nb8 15.
Nd2 g5 16. fxg5 hxg5 17. Bg3 Nbd7 18. e4 Nh5 19. exd5 Nxg3 20. hxg3 Nxe5 21.
dxe5 Bc5+ 22. Rf2 Bxd5 23. Ne4 Bxe4 24. Qxe4 Bxf2+ 25. Kxf2 Qc5+ 26. Ke2 Kc7
27. Rf1 Rg7 28. Rd1 Qc6 29. Rd4 Qxe4+ 30. Rxe4 Rgg8 31. Rxc4+ Kd7 32. g4 Rc8
33. Re4 Rc5 34. Bd3 Ke7 35. Bc4 Rhc8 36. Kd3 R8c7 37. Bb3 a6 38. Kd4 Rc8 39.
Re2 Rb8 40. c4 Rc7 41. Ba2 Rd8+ 42. Ke4 Rcd7 43. b4 Rd2 44. Ke3 R8d3+ 45. Kf2
Rxe2+ 46. Kxe2 Ra3 0-1

[Event "21. Copenhagen Open  (Politiken Cup)"]
[Site "Copenhagen"]
[Date "1999.07.10"]
[Round "7"]
[White "Gabrielsen, Stig"]
[Black "Samuelsen, Carl Eli"]
[Result "1-0"]
[WhiteElo "2295"]
[BlackElo "2060"]
[PlyCount "79"]
[EventDate "1999.07.03"]
[EventType "swiss"]
[EventRounds "11"]
[EventCountry "DEN"]
[SourceDate "2004.01.01"]

1. e4 c6 2. d4 d5 3. Nc3 dxe4 4. Nxe4 Nd7 5. Bc4 Ngf6 6. Ng5 e6 7. Qe2 Nb6 8.
Bd3 h6 9. N5f3 c5 10. dxc5 Bxc5 11. Ne5 O-O 12. Ngf3 Nbd5 13. c3 Qc7 14. O-O
Bd7 15. a3 a5 16. c4 Ne7 17. Bf4 Bd6 18. c5 Bxe5 19. Bxe5 Qxc5 20. Rac1 Qb6 21.
Bc7 Qa7 22. Ne5 Ned5 23. Bb1 Rfc8 24. Nxd7 Nxd7 25. Bg3 N7f6 26. Rc2 Rc6 27.
Rxc6 bxc6 28. Rc1 Qb6 29. Rc4 Rd8 30. h3 Kf8 31. Qc2 Rc8 32. Bd6+ Ke8 33. Kh1
Kd7 34. Be5 Ke7 35. Ba2 Qb5 36. Bb3 c5 37. Ba4 Qb6 38. Bh2 g6 39. Be5 Nd7 40.
Bd4 {tid} 1-0

[Event "21. Copenhagen Open  (Politiken Cup)"]
[Site "Copenhagen"]
[Date "1999.07.10"]
[Round "7"]
[White "Gislason, Ingolfur"]
[Black "Raunkjaer, Jonas"]
[Result "1-0"]
[WhiteElo "1810"]
[BlackElo "1607"]
[PlyCount "65"]
[EventDate "1999.07.03"]
[EventType "swiss"]
[EventRounds "11"]
[EventCountry "DEN"]
[SourceDate "2004.01.01"]

1. d4 Nf6 2. c4 g6 3. Nc3 d5 4. cxd5 Nxd5 5. e4 Nxc3 6. bxc3 Bg7 7. Nf3 c5 8.
Bb5+ Bd7 9. Bxd7+ Qxd7 10. Rb1 Nc6 11. d5 Bxc3+ 12. Bd2 Bxd2+ 13. Qxd2 Nb4 14.
a3 Na6 15. O-O b6 16. Ne5 Qc7 17. Qc3 O-O 18. f4 Nb8 19. Qh3 f5 20. Qh6 fxe4
21. Rb3 e6 22. dxe6 Rf6 23. Ng4 Rf5 24. Qh4 Kh8 25. Rd1 Qxf4 26. Rh3 h5 27.
Rd8+ Rf8 28. Rxf8+ Qxf8 29. e7 Qe8 30. Qf6+ Kh7 31. Rxh5+ gxh5 32. Qh6+ Kg8 33.
Nf6+ 1-0

[Event "21. Copenhagen Open  (Politiken Cup)"]
[Site "Copenhagen"]
[Date "1999.07.10"]
[Round "7"]
[White "Grigorian, Anusit"]
[Black "Gozzi, Giorgio"]
[Result "1/2-1/2"]
[WhiteElo "2000"]
[BlackElo "1657"]
[PlyCount "110"]
[EventDate "1999.07.03"]
[EventType "swiss"]
[EventRounds "11"]
[EventCountry "DEN"]
[SourceDate "2004.01.01"]

1. e4 e6 2. f4 d5 3. exd5 exd5 4. d4 Nf6 5. Nf3 Be7 6. Bd3 c5 7. c4 cxd4 8.
cxd5 Qxd5 9. Qa4+ Nc6 10. O-O O-O 11. Nbd2 Bc5 12. Kh1 Re8 13. Ng5 Re7 14. Bc4
Qf5 15. b4 Bxb4 16. Ba3 Bxa3 17. Qxa3 h6 18. Rae1 Be6 19. Nxe6 Rxe6 20. Bxe6
fxe6 21. Rb1 Nd5 22. Rxb7 Ne3 23. Rf2 Nd1 24. Re2 Ne3 25. Rxe3 dxe3 26. Qxe3
Qf6 27. Rb1 Rd8 28. Re1 Kf7 29. Nf3 Nd4 30. Ne5+ Kf8 31. Qe4 Qf5 32. Qxf5+ exf5
33. Ng6+ Kf7 34. Ne5+ Kf6 35. Rd1 Rc8 36. h3 Ne2 37. Rd6+ Ke7 38. Rd7+ Ke8 39.
Rxg7 Rc1+ 40. Kh2 Nxf4 41. Rxa7 Rc2 42. Rg7 Rxa2 43. Rg3 Nh5 44. Rf3 f4 45. Ng6
Ra4 46. Rb3 Kf7 47. Ne5+ Ke6 48. Nf3 Ng3 49. Rb6+ Kd5 50. Rb1 Ke4 51. Re1+ Kd3
52. Ne5+ Kd2 53. Nf3+ Kd3 54. Ne5+ Kd2 55. Nf3+ Kd3 1/2-1/2

[Event "21. Copenhagen Open  (Politiken Cup)"]
[Site "Copenhagen"]
[Date "1999.07.10"]
[Round "7"]
[White "Hansen, Anders"]
[Black "Petersen, Peter Birk"]
[Result "0-1"]
[WhiteElo "1937"]
[BlackElo "2205"]
[PlyCount "62"]
[EventDate "1999.07.03"]
[EventType "swiss"]
[EventRounds "11"]
[EventCountry "DEN"]
[SourceDate "2004.01.01"]

1. d4 Nf6 2. c4 e6 3. Nc3 Bb4 4. Qc2 O-O 5. a3 Bxc3+ 6. Qxc3 Ne4 7. Qc2 f5 8.
e3 b6 9. f3 Qh4+ 10. g3 Nxg3 11. Qf2 f4 12. Ne2 Qh5 13. Rg1 Nxf1 14. Qg2 g6 15.
Rxf1 Ba6 16. b3 Nc6 17. e4 e5 18. d5 Na5 19. Rb1 d6 20. Kd1 Bc8 21. Rg1 a6 22.
Bd2 Nb7 23. Kc2 Bd7 24. Qf2 b5 25. Bc3 bxc4 26. bxc4 Ba4+ 27. Kd2 Nc5 28. Bb4
Nb3+ 29. Kd3 a5 30. Bc3 Nc5+ 31. Kd2 Bb3 0-1

[Event "21. Copenhagen Open  (Politiken Cup)"]
[Site "Copenhagen"]
[Date "1999.07.10"]
[Round "7"]
[White "Hansen, Morten Lyck"]
[Black "Haagen Larsen, Hans"]
[Result "1/2-1/2"]
[WhiteElo "1847"]
[BlackElo "1612"]
[PlyCount "86"]
[EventDate "1999.07.03"]
[EventType "swiss"]
[EventRounds "11"]
[EventCountry "DEN"]
[SourceDate "2004.01.01"]

1. e4 e6 2. d4 d5 3. Nd2 Nf6 4. e5 Nfd7 5. Bd3 c5 6. c3 Nc6 7. Ne2 cxd4 8. cxd4
f6 9. Nf4 Nxd4 10. Qh5+ Ke7 11. exf6+ Nxf6 12. Qh4 e5 13. Nh5 Bf5 14. Nxf6 gxf6
15. Bxf5 Nxf5 16. Qb4+ Nd6 17. Nf3 a5 18. Qh4 Nf7 19. O-O Rc8 20. Re1 Rc4 21.
Qh5 Qd6 22. b3 Re4 23. Rxe4 dxe4 24. Nh4 Qe6 25. Nf5+ Kd8 26. Be3 Ba3 27. Rd1+
Kc8 28. Ng7 Qe7 29. Qf5+ Kb8 30. Rd7 Nd6 31. Rxe7 Nxf5 32. Nxf5 Bxe7 33. Nxe7
Rd8 34. Kf1 Rd7 35. Nf5 Kc7 36. Ke2 Kc6 37. g4 b5 38. Ng3 Kd5 39. Bb6 a4 40. b4
Kc4 41. Bc5 Rd3 42. Nxe4 Ra3 43. Nd6+ Kd5 1/2-1/2

[Event "21. Copenhagen Open  (Politiken Cup)"]
[Site "Copenhagen"]
[Date "1999.07.10"]
[Round "7"]
[White "Hansen, Soren Asger"]
[Black "Hoff, Terje"]
[Result "0-1"]
[WhiteElo "1683"]
[BlackElo "2040"]
[PlyCount "60"]
[EventDate "1999.07.03"]
[EventType "swiss"]
[EventRounds "11"]
[EventCountry "DEN"]
[SourceDate "2004.01.01"]

1. e4 g6 2. d4 Bg7 3. Nc3 d6 4. Be3 Nf6 5. Be2 c6 6. Qd2 b5 7. f3 e6 8. Nh3
Nbd7 9. Bh6 Nxe4 10. Nxe4 Qh4+ 11. Nhf2 Bxh6 12. Nxd6+ Kf8 13. Qc3 Nb6 14. Qxc6
Bd7 15. Qe4 Qe7 16. Nxb5 Bxb5 17. Qe5 Qb4+ 18. c3 Qxb2 19. O-O Qxe2 20. Qxh8+
Ke7 21. Qxh7 Be3 22. Qh4+ g5 23. Qg3 Bf4 24. Qh3 Be3 25. a4 Nxa4 26. Qg3 Bf4
27. Qh3 Nxc3 28. Ng4 Qd2 29. Rfe1 Qxd4+ 30. Kh1 Rh8 0-1

[Event "21. Copenhagen Open  (Politiken Cup)"]
[Site "Copenhagen"]
[Date "1999.07.10"]
[Round "7"]
[White "Hardarson, Robert"]
[Black "Olsen, Claus"]
[Result "1/2-1/2"]
[WhiteElo "2331"]
[BlackElo "2064"]
[PlyCount "75"]
[EventDate "1999.07.03"]
[EventType "swiss"]
[EventRounds "11"]
[EventCountry "DEN"]
[SourceDate "2004.01.01"]

1. e4 e5 2. Nf3 Nf6 3. Nxe5 d6 4. Nf3 Nxe4 5. d4 Be7 6. Bd3 Nf6 7. O-O O-O 8.
c4 Nbd7 9. b3 Re8 10. Bb2 Bf8 11. Nc3 g6 12. Qd2 Bg7 13. Rfe1 b6 14. Rxe8+ Qxe8
15. Re1 Qd8 16. h3 Bb7 17. d5 a6 18. a4 a5 19. Nb5 Nc5 20. Bc2 Qd7 21. Nfd4 Re8
22. Rxe8+ Nxe8 23. Qe3 Kf8 24. Bc3 Qe7 25. b4 axb4 26. Bxb4 Qxe3 27. fxe3 Ke7
28. a5 Na6 29. Bd2 bxa5 30. Bxa5 Kd7 31. Kf2 Nc5 32. Bb4 c6 33. dxc6+ Bxc6 34.
Nxc6 Kxc6 35. Kf3 Nc7 36. Nxc7 Kxc7 37. Bxc5 dxc5 38. g4 1/2-1/2

[Event "21. Copenhagen Open  (Politiken Cup)"]
[Site "Copenhagen"]
[Date "1999.07.10"]
[Round "7"]
[White "Hedman, Erik"]
[Black "Bosch, Jeroen"]
[Result "1/2-1/2"]
[WhiteElo "2348"]
[BlackElo "2433"]
[PlyCount "42"]
[EventDate "1999.07.03"]
[EventType "swiss"]
[EventRounds "11"]
[EventCountry "DEN"]
[SourceDate "2004.01.01"]

1. d4 d5 2. c4 e6 3. Nf3 c5 4. cxd5 exd5 5. g3 Nc6 6. Bg2 Nf6 7. O-O Be7 8. Nc3
O-O 9. Bg5 cxd4 10. Nxd4 h6 11. Be3 Re8 12. Rc1 Bg4 13. h3 Be6 14. Nxe6 fxe6
15. f4 Bb4 16. Kh2 Qe7 17. Nb5 a6 18. Nd4 Na5 19. Nf3 Nc6 20. Nd4 Na5 21. Nf3
Nc6 1/2-1/2

[Event "21. Copenhagen Open  (Politiken Cup)"]
[Site "Copenhagen"]
[Date "1999.07.10"]
[Round "7"]
[White "Helin, Mikael"]
[Black "Lynge, Torben"]
[Result "1-0"]
[WhiteElo "2200"]
[BlackElo "1708"]
[PlyCount "67"]
[EventDate "1999.07.03"]
[EventType "swiss"]
[EventRounds "11"]
[EventCountry "DEN"]
[SourceDate "2004.01.01"]

1. e4 c5 2. c4 Nc6 3. Nc3 g6 4. d3 Bg7 5. g3 a6 6. Bg2 e6 7. h3 Rb8 8. a4 d6 9.
Nge2 Bd7 10. O-O Nge7 11. g4 Qa5 12. f4 O-O 13. Bd2 Qc7 14. f5 exf5 15. gxf5
gxf5 16. Ng3 Ne5 17. exf5 f6 18. Nh5 Nxf5 19. Nd5 Qd8 20. Be4 Nh4 21. Nxg7 Kxg7
22. Qh5 Nhg6 23. Bh6+ Kh8 24. Bxf8 Qxf8 25. Rxf6 Qg7 26. Kh1 Rf8 27. Rxd6 Rf2
28. Rg1 Qf7 29. Rg2 Rf1+ 30. Kh2 Nf3+ 31. Bxf3 Rxf3 32. Rxd7 Qxd7 33. Qxf3 Qd6+
34. Qg3 1-0

[Event "21. Copenhagen Open  (Politiken Cup)"]
[Site "Copenhagen"]
[Date "1999.07.10"]
[Round "7"]
[White "Hillarp Persson, Tiger"]
[Black "Kristjansson, Stefan"]
[Result "1/2-1/2"]
[WhiteElo "2507"]
[BlackElo "2278"]
[PlyCount "213"]
[EventDate "1999.07.03"]
[EventType "swiss"]
[EventRounds "11"]
[EventCountry "DEN"]
[SourceDate "2004.01.01"]

1. d4 d5 2. c4 c6 3. Nc3 Nf6 4. e3 g6 5. Nf3 Bg7 6. Bd3 O-O 7. h3 dxc4 8. Bxc4
b5 9. Bd3 Bb7 10. a3 Nbd7 11. O-O Re8 12. b4 a6 13. Bc2 e5 14. Bb3 Nd5 15. Ne4
exd4 16. Nd6 Qe7 17. Nxb7 dxe3 18. Bxe3 Nxe3 19. fxe3 Bxa1 20. Nd6 Rf8 21. Nxf7
Rxf7 22. Bxf7+ Qxf7 23. Qxa1 Qe6 24. Qd4 Re8 25. Kh1 Qd5 26. Rd1 Qxd4 27. Rxd4
Nb6 28. e4 Nc4 29. a4 Na3 30. axb5 axb5 31. e5 Nc2 32. Re4 h6 33. Kg1 Kf7 34.
Rf4+ Kg7 35. Kf2 g5 36. Re4 Kf7 37. h4 gxh4 38. Rxh4 Re6 39. Ke2 Rg6 40. Rf4+
Ke6 41. g4 c5 42. bxc5 Kd5 43. Kd3 Na3 44. Rf6 Rxg4 45. e6 Rg8 46. c6 Re8 47.
c7 Kd6 48. Nd4 Kxc7 49. Ke4 Kd6 50. Nf5+ Kc6 51. Rxh6 Nc4 52. Nd4+ Kc5 53. Rh5+
Kd6 54. Rd5+ Ke7 55. Rd7+ Kf6 56. Rf7+ Kg6 57. Rf2 b4 58. Rc2 Na3 59. Rb2 Nb5
60. Nxb5 Rxe6+ 61. Kd5 Re1 62. Nd4 Rd1 63. Ke4 Re1+ 64. Kf4 Rf1+ 65. Ke5 Re1+
66. Kd6 Rd1 67. Rxb4 Kf6 68. Kd5 Kg6 69. Ke5 Re1+ 70. Kf4 Rf1+ 71. Nf3 Kf6 72.
Rb6+ Ke7 73. Ke4 Ra1 74. Nd4 Rh1 75. Ke5 Re1+ 76. Kd5 Rd1 77. Ra6 Kf7 78. Ra2
Ke7 79. Rf2 Rd3 80. Rf1 Rd2 81. Ke5 Ra2 82. Nf5+ Kd7 83. Rd1+ Kc7 84. Nd4 Ra5+
85. Ke6 Rh5 86. Rc1+ Kb6 87. Rb1+ Kc7 88. Rc1+ Kb6 89. Rb1+ Kc7 90. Nf5 Rh2 91.
Rc1+ Kb6 92. Nd6 Rh6+ 93. Kd5 Rh5+ 94. Kd4 Rh4+ 95. Ne4 Rh8 96. Rg1 Rh6 97. Rg2
Kc6 98. Rg4 Rh1 99. Rg6+ Kd7 100. Nc3 Rh4+ 101. Kc5 Rh1 102. Rd6+ Ke7 103. Nd5+
Kf7 104. Rf6+ Kg7 105. Rf2 Ra1 106. Kd6 Kg6 107. Ne7+ 1/2-1/2

[Event "21. Copenhagen Open  (Politiken Cup)"]
[Site "Copenhagen"]
[Date "1999.07.10"]
[Round "7"]
[White "Hjortskov, Kjeld"]
[Black "Pedersen, Kaj Vinding"]
[Result "0-1"]
[WhiteElo "1655"]
[BlackElo "1497"]
[PlyCount "86"]
[EventDate "1999.07.03"]
[EventType "swiss"]
[EventRounds "11"]
[EventCountry "DEN"]
[SourceDate "2004.01.01"]

1. e4 Nf6 2. e5 Nd5 3. d4 d6 4. c4 Nb6 5. exd6 exd6 6. Nc3 Nc6 7. Be3 Be7 8. h3
Bf5 9. Nf3 O-O 10. Be2 Re8 11. O-O Bf6 12. Qd2 Qd7 13. d5 Ne5 14. b3 Nxf3+ 15.
Bxf3 Qe7 16. Rfe1 Qf8 17. Rad1 a6 18. Ne2 Nd7 19. Nd4 Bg6 20. g3 Be4 21. Bxe4
Rxe4 22. f3 Re7 23. Nf5 Re5 24. g4 g6 25. Bh6 Qd8 26. Ng3 Bg7 27. Ne4 Qh4 28.
Bxg7 Kxg7 29. Kg2 Rae8 30. Re2 f5 31. Ng3 f4 32. Nf5+ gxf5 33. Rxe5 Qg3+ 34.
Kh1 Qxf3+ 35. Kg1 Qg3+ 36. Qg2 Rxe5 37. gxf5 Kf6 38. Qxg3 fxg3 39. Rd3 Rxf5 40.
Rxg3 Rg5 41. Kf2 Rxg3 42. Kxg3 Kf5 43. a4 Nc5 0-1

[Event "21. Copenhagen Open  (Politiken Cup)"]
[Site "Copenhagen"]
[Date "1999.07.10"]
[Round "7"]
[White "Hoi, Carsten"]
[Black "Ward, Christopher"]
[Result "1/2-1/2"]
[WhiteElo "2394"]
[BlackElo "2473"]
[PlyCount "72"]
[EventDate "1999.07.03"]
[EventType "swiss"]
[EventRounds "11"]
[EventCountry "DEN"]
[SourceDate "2004.01.01"]

1. d4 Nf6 2. Nf3 e6 3. Bg5 h6 4. Bh4 c5 5. e3 b6 6. c4 Bb7 7. Nc3 Be7 8. Bd3
O-O 9. O-O cxd4 10. exd4 d5 11. Bxf6 Bxf6 12. cxd5 exd5 13. Bc2 Nc6 14. Qd3 g6
15. Qd2 Kg7 16. Rfe1 Qd6 17. Bb3 Rad8 18. Rad1 Na5 19. Ne5 Nc4 20. Bxc4 dxc4
21. f4 a6 22. Qf2 Rfe8 23. d5 Bxe5 24. fxe5 Rxe5 25. Rxe5 Qxe5 26. Qxb6 Rd7 27.
Qc5 Rc7 28. Qf2 Rd7 29. Qd2 Re7 30. Qd4 Qxd4+ 31. Rxd4 Rd7 32. Kf2 f5 33. Ke3
Re7+ 34. Kd2 Rd7 35. Ke3 Re7+ 36. Kd2 Rd7 1/2-1/2

[Event "21. Copenhagen Open  (Politiken Cup)"]
[Site "Copenhagen"]
[Date "1999.07.10"]
[Round "7"]
[White "Howe, Dennis"]
[Black "Carlsson, Pontus"]
[Result "0-1"]
[WhiteElo "1919"]
[BlackElo "2186"]
[PlyCount "32"]
[EventDate "1999.07.03"]
[EventType "swiss"]
[EventRounds "11"]
[EventCountry "DEN"]
[SourceDate "2004.01.01"]

1. e4 c5 2. Nf3 d6 3. d4 cxd4 4. Nxd4 Nf6 5. Nc3 g6 6. Bc4 Bg7 7. Be3 O-O 8. h3
Nc6 9. a3 Nxe4 10. Nxe4 d5 11. Nxc6 bxc6 12. Bd3 dxe4 13. Bxe4 Bxb2 14. Bxc6
Ba6 15. Qxd8 Raxd8 16. Rd1 Rxd1+ 0-1

[Event "21. Copenhagen Open  (Politiken Cup)"]
[Site "Copenhagen"]
[Date "1999.07.10"]
[Round "7"]
[White "Hvenekilde, Jorgen"]
[Black "Aagaard, Jacob"]
[Result "1-0"]
[WhiteElo "2239"]
[BlackElo "2403"]
[PlyCount "43"]
[EventDate "1999.07.03"]
[EventType "swiss"]
[EventRounds "11"]
[EventCountry "DEN"]
[SourceDate "2004.01.01"]

1. d4 d5 2. Nf3 c6 3. c3 Nf6 4. Bf4 g6 5. h3 Bg7 6. Nbd2 O-O 7. e3 Nbd7 8. Bd3
b6 9. O-O Bb7 10. Re1 c5 11. Qe2 Re8 12. Rad1 Qc8 13. Bh2 Ne4 14. Bb5 Nd6 15.
Bd3 e5 16. dxe5 Nxe5 17. Nxe5 Rxe5 18. Bxe5 Bxe5 19. e4 c4 20. exd5 Bxc3 21.
bxc3 cxd3 22. Qxd3 1-0

[Event "21. Copenhagen Open  (Politiken Cup)"]
[Site "Copenhagen"]
[Date "1999.07.10"]
[Round "7"]
[White "Hogh, Sidsel T"]
[Black "Manley, Christian"]
[Result "1/2-1/2"]
[WhiteElo "1150"]
[BlackElo "1086"]
[PlyCount "50"]
[EventDate "1999.07.03"]
[EventType "swiss"]
[EventRounds "11"]
[EventCountry "DEN"]
[SourceDate "2004.01.01"]

1. d4 d5 2. c4 Nc6 3. Nf3 g6 4. Nc3 Nf6 5. Bg5 Ne4 6. Bd2 Bg7 7. e3 e6 8. Bd3
Nxd2 9. Qxd2 O-O 10. O-O Re8 11. Rfd1 e5 12. dxe5 Nxe5 13. Nxe5 Bxe5 14. Nxd5
Qh4 15. g3 Qh3 16. Bf1 Qe6 17. Rab1 Rd8 18. Qc2 b6 19. Nc3 Bb7 20. Ne4 Qc6 21.
f3 f5 22. Nd2 Qc5 23. Qb3 Rd7 24. Bg2 Rad8 25. Nf1 Ba6 1/2-1/2

[Event "21. Copenhagen Open  (Politiken Cup)"]
[Site "Copenhagen"]
[Date "1999.07.10"]
[Round "7"]
[White "Jakobsen, Ole"]
[Black "Johansen, Terje"]
[Result "1-0"]
[WhiteElo "2398"]
[BlackElo "2231"]
[PlyCount "87"]
[EventDate "1999.07.03"]
[EventType "swiss"]
[EventRounds "11"]
[EventCountry "DEN"]
[SourceDate "2004.01.01"]

1. c4 Nf6 2. g3 d5 3. cxd5 Nxd5 4. d4 g6 5. Bg2 Bg7 6. Nf3 O-O 7. O-O Nd7 8. e4
N5b6 9. a4 a5 10. Nc3 Nb8 11. h3 Nc6 12. d5 Nb4 13. Bf4 Bd7 14. Qe2 c6 15. dxc6
bxc6 16. Rfd1 Qc8 17. Be3 Rb8 18. Kh2 Be6 19. Bxb6 Rxb6 20. Nd4 c5 21. Nxe6
Qxe6 22. f4 Nc6 23. e5 Nd4 24. Qf2 Rfb8 25. Rab1 g5 26. Ne4 gxf4 27. gxf4 Nb3
28. Ng5 Qh6 29. Be4 Nd4 30. Bxh7+ Kf8 31. Bd3 Bxe5 32. Nh7+ Ke8 33. fxe5 Rb3
34. Qg3 c4 35. e6 Nxe6 36. Qg8+ Kd7 37. Bf5+ Kc7 38. Qg4 Rxb2+ 39. Rxb2 Rxb2+
40. Kh1 Nf4 41. Ng5 e5 42. Rd7+ Kb8 43. Rd8+ Ka7 44. Be4 1-0

[Event "21. Copenhagen Open  (Politiken Cup)"]
[Site "Copenhagen"]
[Date "1999.07.10"]
[Round "7"]
[White "Jensen, Henrik W"]
[Black "Mathiesen, Erik"]
[Result "1/2-1/2"]
[WhiteElo "2098"]
[BlackElo "1891"]
[PlyCount "42"]
[EventDate "1999.07.03"]
[EventType "swiss"]
[EventRounds "11"]
[EventCountry "DEN"]
[SourceDate "2004.01.01"]

1. b4 Nf6 2. Bb2 e6 3. b5 Be7 4. e3 O-O 5. Nf3 c5 6. c4 d5 7. Be2 b6 8. O-O
Nbd7 9. d4 Bb7 10. Nbd2 cxd4 11. Nxd4 Nc5 12. cxd5 Bxd5 13. N2b3 Na4 14. Rb1
Rc8 15. Bf3 Ne4 16. Nc6 Qe8 17. Nxe7+ Qxe7 18. Bxe4 Nxb2 19. Bxh7+ Kxh7 20.
Rxb2 Qg5 21. g3 Rc4 1/2-1/2